000
00255nam a2200097Ia 4500
008
230508s2013 xx 000 0 und d
041
_a
eng
100
_a
DR. SEDHA R.S.
245
_a
A TEXT BOOK OF APPLIED ELECTRONICS
260
_b
S . CHAND COMPANY NE
_c
2013
999
_c
729067
_d
729067